Quest 2006 (A Francis College For Women (Record no. 2070)

000 -LEADER
fixed length control field 00311nam a2200133Ia 4500
008 - FIXED-LENGTH DATA ELEMENTS--GENERAL INFORMATION
fixed length control field 180730s9999||||xx |||||||||||||| ||und||
020 ## - INTERNATIONAL STANDARD BOOK NUMBER
International Standard Book Number 9876543210036
082 ## - DEWEY DECIMAL CLASSIFICATION NUMBER
Classification number 242
Item number JOH/Q
100 ## - MAIN ENTRY--PERSONAL NAME
Personal name John 8; 12
245 #0 - TITLE STATEMENT
Title Quest 2006 (A Francis College For Women
260 ## - PUBLICATION, DISTRIBUTION, ETC.
Date of publication, distribution, etc. 2006
300 ## - PHYSICAL DESCRIPTION
Extent 188+22p
942 ## - ADDED ENTRY ELEMENTS (KOHA)
Institution code [OBSOLETE] BK
Holdings
Withdrawn status Lost status Damaged status Not for loan Collection code Permanent Location Current Location Date acquired Cost, normal purchase price Full call number Barcode Date last seen Price effective from Koha item type
        School of Animation (Noida) MUIT-NOIDA MUIT-NOIDA 2018-07-30 700.00 242 JOH/Q ANM00119 2018-07-30 2018-07-30 Donated Books

All Rights Reserved@MUIT

Powered by Koha